| 000 | 00406nam a2200145Ia 4500 | ||
|---|---|---|---|
| 008 | 151213s9999 xx 000 0 und d | ||
| 082 |
_a599.938 _b599.938 |
||
| 100 | _aEhrlich, P.R. | ||
| 245 |
_aHuman natures: _bGenes, culture, and the human prospect _cEhrlich, P.R. |
||
| 260 |
_aWashington _bIsland Press _c2000 |
||
| 300 | _a1802 p. | ||
| 650 | _aReference | ||
| 700 | _aEhrlich, P.R. | ||
| 999 |
_c1321 _d1321 |
||